[Event "TCh-FRA Top 12 2017"]
[Site "Chartres FRA"]
[Date "2017.05.22"]
[Round "5.6"]
[Board "1"]
[White "Bailet, Pierre"]
[Black "Ragger, Markus"]
[Result "1/2-1/2"]
[WhiteTitle "IM"]
[BlackTitle "GM"]
[WhiteElo "2519"]
[BlackElo "2680"]
[WhiteTeam "VANDOEUVRE Echecs"]
[BlackTeam "BISCHWILLER"]
[WhiteFideId "655830"]
[BlackFideId "1610856"]
[EventDate "2017.05.18"]

1. e4 e5 2. Nf3 Nc6 3. Bb5 a6 4. Ba4 Nf6 5. O-O Be7 6. Re1 b5 7. Bb3 d6 8. c3
O-O 9. h3 Na5 10. Bc2 c5 11. d4 Nd7 12. b3 exd4 13. cxd4 Nc6 14. Bb2 cxd4 15.
Nxd4 Nxd4 16. Bxd4 Bf6 17. Nc3 Bb7 18. Rc1 Rc8 19. Bb1 Re8 20. Bxf6 Nxf6 21. Qd4
Qe7 22. Rcd1 Qe5 1/2-1/2

[Event "TCh-FRA Top 12 2017"]
[Site "Chartres FRA"]
[Date "2017.05.22"]
[Round "5.6"]
[Board "5"]
[White "Nezar, Mustapha"]
[Black "Pelletier, Yannick"]
[Result "1/2-1/2"]
[WhiteTitle "IM"]
[BlackTitle "GM"]
[WhiteElo "2354"]
[BlackElo "2543"]
[WhiteTeam "VANDOEUVRE Echecs"]
[BlackTeam "BISCHWILLER"]
[WhiteFideId "608637"]
[BlackFideId "1301837"]
[EventDate "2017.05.18"]

1. e4 c6 2. Nc3 d5 3. Nf3 Bg4 4. h3 Bxf3 5. Qxf3 Nf6 6. g3 e6 7. Bg2 Nbd7 8. Qe2
dxe4 9. Nxe4 Be7 10. O-O O-O 11. d4 Re8 12. c3 a5 13. Bf4 Nxe4 14. Qxe4 Bg5 15.
Rfe1 Bxf4 16. Qxf4 Qb6 17. Qd2 Rad8 18. Rad1 h6 19. Qc2 Nf6 20. Bf3 Rd6 21. Re5
Nd7 22. Ree1 Rd8 23. Kg2 Nf6 24. Re5 Qc7 25. Ree1 b6 26. Qb3 R8d7 27. Qc4 Qd8
28. Qa4 Qc7 29. Qc4 Qd8 30. Qa4 Qc8 31. Qc4 Rd8 32. Qb3 c5 33. dxc5 Qxc5 34.
Rxd6 Rxd6 35. Rd1 Kf8 36. Rxd6 Qxd6 37. Qc4 Nd7 38. Qc6 Ke7 39. Qxd6+ Kxd6 40.
Kf1 Nc5 41. b3 e5 42. Ke2 e4 43. Bg2 Ke5 44. Ke3 f5 45. h4 g5 46. hxg5 hxg5 47.
Bf1 f4+ 48. gxf4+ gxf4+ 49. Kd2 Nd7 50. Bh3 Nf6 51. a3 f3 52. b4 Nd5 53. Bf1 Kf4
54. c4 e3+ 55. fxe3+ Nxe3 56. Bd3 axb4 57. axb4 Ng4 58. c5 Ke5 1/2-1/2

[Event "TCh-FRA Top 12 2017"]
[Site "Chartres FRA"]
[Date "2017.05.22"]
[Round "5.6"]
[Board "7"]
[White "Iglesias, Joachim"]
[Black "Le Roux, Jean-Pierre"]
[Result "1/2-1/2"]
[BlackTitle "GM"]
[WhiteElo "2258"]
[BlackElo "2538"]
[WhiteTeam "VANDOEUVRE Echecs"]
[BlackTeam "BISCHWILLER"]
[WhiteFideId "637823"]
[BlackFideId "609404"]
[EventDate "2017.05.18"]

1. d4 Nf6 2. Nf3 b6 3. Bf4 Bb7 4. e3 g6 5. h3 Bg7 6. Be2 O-O 7. O-O d6 8. a4 a6
9. c4 Nbd7 10. Nc3 Ne4 11. Nxe4 Bxe4 12. a5 c5 13. axb6 Qxb6 14. Ng5 Bb7 15. d5
a5 16. Ra2 a4 17. Rxa4 Qxb2 18. Rxa8 Rxa8 19. Bg4 Nb6 20. Qd3 Qc3 21. Qe4 e5 22.
Nxf7 Qxc4 23. Qxc4 Nxc4 24. Be6 Kf8 25. Bg5 h6 26. Nxh6 Nd2 27. Rc1 Ne4 28. h4
Nxg5 29. hxg5 Ra4 30. Ng4 Ke7 31. f3 e4 32. fxe4 Ra1 33. Rxa1 Bxa1 34. Kf2 c4
35. Ke1 Ba6 36. e5 dxe5 37. Nf6 c3 38. Bd7 Bd3 39. Ba4 Kd6 40. Kd1 e4 41. Bc2
Ke5 42. d6 Bxc2+ 43. Kxc2 Kxd6 44. Nxe4+ Ke5 45. Ng3 Bb2 46. Kd3 Ba3 47. Kxc3
Be7 48. Kd3 Bxg5 49. Ke2 Bd8 50. Kf3 Bb6 51. Ne2 Ba7 52. Nf4 Kf6 53. Ke4 Kg5 54.
Kf3 Kf6 55. Nd3 Kg5 56. e4 Bb8 57. Nb4 Bd6 58. Nc6 Kf6 59. Ke3 Ba3 60. e5+ Kf5
61. Kf3 Bb2 62. g4+ Kg5 63. Kg3 Bc1 64. Kf3 Bb2 65. e6 Kf6 66. e7 Kf7 67. Kf4
Bf6 68. Ne5+ Kxe7 69. Nxg6+ Ke6 70. Ke4 Bg5 71. Nf4+ Bxf4 72. g5 1/2-1/2

[Event "TCh-FRA Top 12 2017"]
[Site "Chartres FRA"]
[Date "2017.05.22"]
[Round "5.6"]
[Board "8"]
[White "Maisuradze, Nino"]
[Black "Steil-Antoni, Fiona"]
[Result "1/2-1/2"]
[WhiteTitle "WGM"]
[BlackTitle "WIM"]
[WhiteElo "2260"]
[BlackElo "2155"]
[WhiteTeam "BISCHWILLER"]
[BlackTeam "VANDOEUVRE Echecs"]
[WhiteFideId "13601717"]
[BlackFideId "4001249"]
[EventDate "2017.05.18"]

1. d4 e6 2. Nf3 Nf6 3. Bf4 d5 4. e3 Be7 5. h3 O-O 6. Bd3 c5 7. c3 b6 8. Qe2 Bb7
9. Nbd2 Ne4 10. g4 c4 11. Bc2 b5 12. O-O Nd7 13. Ne1 f6 14. f3 Nxd2 15. Qxd2 e5
16. Bg3 Bd6 17. Rd1 Qe7 18. Ng2 Rad8 19. Nh4 Bc7 20. Rde1 Rfe8 21. Qf2 Nf8 22.
Nf5 Qd7 23. Bh2 g6 24. Ng3 Re7 25. f4 e4 26. f5 g5 27. Nh5 Kf7 28. h4 h6 29.
hxg5 hxg5 30. a4 bxa4 31. Bxc7 Qxc7 32. Bxa4 Nd7 33. Bxd7 Rexd7 34. Ra1 a5 35.
Kg2 Bc6 36. Rh1 Rh8 37. Nxf6 Rxh1 38. Rxh1 Kxf6 39. Rh6+ Kg7 40. Rg6+ Kf8 41.
Rxg5 Rh7 42. Qg3 Qxg3+ 43. Kxg3 Be8 44. f6 Bf7 45. Rf5 Rh1 46. Rf2 Be6 47. Kf4
Kf7 48. Ke5 Bxg4 49. Kxd5 Bf3 50. Kxc4 Re1 51. d5 Rxe3 52. Kd4 Rd3+ 53. Ke5 e3
54. Rxf3 e2 55. Rxd3 e1=Q+ 56. Kd4 Qf2+ 57. Kc4 Qxb2 58. d6 Qb8 59. d7 Qd8 60.
Kb5 Kxf6 61. c4 Ke7 62. c5 Qb8+ 63. Kxa5 Qa7+ 64. Kb4 Qb7+ 65. Kc3 Kd8 66. Rd6
Qb5 67. Kd4 Qb4+ 68. Kd5 Qb3+ 69. Kc6 Qa4+ 70. Kb6 Qb4+ 71. Kc6 Qb3 72. Rd4 Qe6+
73. Rd6 Qe4+ 74. Kb5 Qb7+ 1/2-1/2

[Event "TCh-FRA Top 12 2017"]
[Site "Chartres FRA"]
[Date "2017.05.23"]
[Round "6.1"]
[Board "1"]
[White "Navara, David"]
[Black "Kryvoruchko, Yuriy"]
[Result "1/2-1/2"]
[WhiteTitle "GM"]
[BlackTitle "GM"]
[WhiteElo "2739"]
[BlackElo "2714"]
[WhiteTeam "MULHOUSE Philidor"]
[BlackTeam "GRASSE Echecs"]
[WhiteFideId "309095"]
[BlackFideId "14109182"]
[EventDate "2017.05.18"]

1. d4 Nf6 2. c4 e6 3. Nc3 Bb4 4. e3 O-O 5. Bd3 d5 6. cxd5 exd5 7. Ne2 Re8 8. O-O
Bd6 9. Bd2 Nbd7 10. Rc1 a6 11. Ng3 Nf8 12. Nf5 Bxf5 13. Bxf5 c6 14. f3 Ne6 15.
Be1 c5 16. Kh1 cxd4 17. exd4 Bf4 18. Bd2 Qd6 19. Ne2 Bxd2 20. Qxd2 g6 21. Bb1
Rac8 22. Rxc8 Rxc8 23. f4 Ng7 24. f5 Re8 25. Ng3 Ngh5 26. Nxh5 Nxh5 27. Kg1 Nf6
28. h3 Kg7 29. Bd3 Qg3 30. fxg6 hxg6 31. Qf2 Qd6 32. Be2 Re7 33. Bf3 Ne4 34.
Bxe4 dxe4 35. Qe3 Qd5 36. a3 Rd7 37. Rd1 f5 38. h4 Qd6 39. d5 Qe5 40. Qb6 e3 41.
Qd4 Kf6 42. Qb4 Kf7 43. d6 Qg3 44. Qc4+ Kg7 45. Qe6 Qf2+ 46. Kh1 Qxh4+ 47. Kg1
Qf2+ 48. Kh1 e2 49. Qxd7+ Kh6 50. Ra1 Qh4+ 51. Kg1 Qd4+ 52. Kh2 Qh4+ 1/2-1/2

[Event "TCh-FRA Top 12 2017"]
[Site "Chartres FRA"]
[Date "2017.05.23"]
[Round "6.1"]
[Board "3"]
[White "Gledura, Benjamin"]
[Black "Areshchenko, Alexander"]
[Result "1/2-1/2"]
[WhiteTitle "GM"]
[BlackTitle "GM"]
[WhiteElo "2602"]
[BlackElo "2677"]
[WhiteTeam "MULHOUSE Philidor"]
[BlackTeam "GRASSE Echecs"]
[WhiteFideId "712779"]
[BlackFideId "14109530"]
[EventDate "2017.05.18"]

1. Nf3 c5 2. c4 Nc6 3. Nc3 g6 4. g3 Bg7 5. Bg2 e5 6. O-O Nge7 7. a3 a5 8. d3 d6
9. Ne1 Be6 10. Nd5 O-O 11. Nc2 Rb8 1/2-1/2

[Event "TCh-FRA Top 12 2017"]
[Site "Chartres FRA"]
[Date "2017.05.23"]
[Round "6.1"]
[Board "6"]
[White "Apicella, Manuel"]
[Black "Sokolov, Andrei1"]
[Result "1/2-1/2"]
[WhiteTitle "GM"]
[BlackTitle "GM"]
[WhiteElo "2515"]
[BlackElo "2505"]
[WhiteTeam "GRASSE Echecs"]
[BlackTeam "MULHOUSE Philidor"]
[WhiteFideId "600164"]
[BlackFideId "627089"]
[EventDate "2017.05.18"]

1. e4 c5 2. Nf3 e6 3. d4 cxd4 4. Nxd4 Nc6 5. Nc3 Qc7 6. Be3 a6 7. Qd2 Nf6 8.
O-O-O Be7 9. f3 b5 10. Kb1 O-O 11. g4 Nxd4 12. Bxd4 Bb7 1/2-1/2

[Event "TCh-FRA Top 12 2017"]
[Site "Chartres FRA"]
[Date "2017.05.23"]
[Round "6.1"]
[Board "8"]
[White "De Seroux, Camille"]
[Black "Haussernot, Cecile"]
[Result "1/2-1/2"]
[WhiteTitle "WFM"]
[BlackTitle "WFM"]
[WhiteElo "2117"]
[BlackElo "2099"]
[WhiteTeam "GRASSE Echecs"]
[BlackTeam "MULHOUSE Philidor"]
[WhiteFideId "1305620"]
[BlackFideId "601632"]
[EventDate "2017.05.18"]

1. e4 e5 2. Nf3 Nc6 3. Nc3 Nf6 4. d4 Bb4 5. Nxe5 Qe7 6. Nxc6 Qxe4+ 7. Qe2 dxc6
8. Bd2 Qxe2+ 9. Bxe2 Bf5 10. O-O-O O-O-O 11. Bg5 Rd6 12. Bd3 Bg4 13. f3 Bxc3 14.
bxc3 Be6 15. Bxf6 gxf6 1/2-1/2

[Event "TCh-FRA Top 12 2017"]
[Site "Chartres FRA"]
[Date "2017.05.23"]
[Round "6.2"]
[Board "2"]
[White "Jobava, Baadur"]
[Black "Gharamian, Tigran"]
[Result "1/2-1/2"]
[WhiteTitle "GM"]
[BlackTitle "GM"]
[WhiteElo "2713"]
[BlackElo "2626"]
[WhiteTeam "TREMBLAY EN FRANCE"]
[BlackTeam "NICE Alekhine"]
[WhiteFideId "13601520"]
[BlackFideId "13301527"]
[EventDate "2017.05.18"]

1. e4 c6 2. d4 d5 3. Nd2 dxe4 4. Nxe4 Nd7 5. Ne2 Ndf6 6. N2g3 Nxe4 7. Nxe4 Bf5
8. Nc5 b6 9. Na6 e6 10. Bd3 Bxd3 11. Qxd3 Bd6 12. Bd2 Ne7 13. O-O-O O-O 14. h4
b5 15. Qe4 Nd5 16. h5 Qe7 17. Rh3 Rae8 18. f4 1/2-1/2

[Event "TCh-FRA Top 12 2017"]
[Site "Chartres FRA"]
[Date "2017.05.23"]
[Round "6.2"]
[Board "3"]
[White "Palac, Mladen"]
[Black "Shchekachev, Andrei"]
[Result "1/2-1/2"]
[WhiteTitle "GM"]
[BlackTitle "GM"]
[WhiteElo "2573"]
[BlackElo "2538"]
[WhiteTeam "NICE Alekhine"]
[BlackTeam "TREMBLAY EN FRANCE"]
[WhiteFideId "14500116"]
[BlackFideId "4107730"]
[EventDate "2017.05.18"]

1. e4 g6 2. d4 Bg7 3. Nf3 d6 4. Be3 Nf6 5. Nc3 a6 6. Qd2 b5 7. Bh6 O-O 8. Bd3
Nc6 9. Bxg7 Kxg7 10. a4 Bg4 11. e5 dxe5 12. dxe5 Nd7 13. Be4 Bxf3 14. gxf3 Ncxe5
15. axb5 Nf6 16. Qxd8 Raxd8 17. bxa6 c6 18. Ke2 Nh5 19. Rhd1 Nf4+ 20. Ke3 Ng2+
21. Ke2 Nf4+ 22. Ke3 Ng2+ 1/2-1/2

[Event "TCh-FRA Top 12 2017"]
[Site "Chartres FRA"]
[Date "2017.05.23"]
[Round "6.2"]
[Board "4"]
[White "Piorun, Kacper"]
[Black "Stevic, Hrvoje"]
[Result "1/2-1/2"]
[WhiteTitle "GM"]
[BlackTitle "GM"]
[WhiteElo "2638"]
[BlackElo "2600"]
[WhiteTeam "TREMBLAY EN FRANCE"]
[BlackTeam "NICE Alekhine"]
[WhiteFideId "1130420"]
[BlackFideId "14502569"]
[EventDate "2017.05.18"]

1. e4 e5 2. Nf3 Nc6 3. Bb5 a6 4. Ba4 d6 5. c3 Bd7 6. d4 g6 7. Bg5 Be7 8. Be3 Nf6
9. d5 Na5 10. Bc2 Nc4 11. Bc1 b5 12. a4 c5 13. O-O Nb6 14. a5 Nc8 15. Nbd2 Nh5 1/2-1/2

[Event "TCh-FRA Top 12 2017"]
[Site "Chartres FRA"]
[Date "2017.05.23"]
[Round "6.2"]
[Board "7"]
[White "Babault, Patrice"]
[Black "Bellahcene, Bilel"]
[Result "1/2-1/2"]
[WhiteTitle "FM"]
[BlackTitle "IM"]
[WhiteElo "2411"]
[BlackElo "2452"]
[WhiteTeam "NICE Alekhine"]
[BlackTeam "TREMBLAY EN FRANCE"]
[WhiteFideId "623822"]
[BlackFideId "696358"]
[EventDate "2017.05.18"]

1. e4 c5 2. Nf3 d6 3. d4 cxd4 4. Nxd4 Nf6 5. Nc3 a6 6. Be3 e5 7. Nf3 Qc7 8. a4
Be7 9. Be2 O-O 10. O-O b6 11. Qd3 Bb7 12. Nh4 g6 13. Bh6 Rd8 14. Nf5 Bf8 15.
Bxf8 Kxf8 16. Ne3 Nbd7 17. f3 Kg7 18. Kh1 1/2-1/2

[Event "TCh-FRA Top 12 2017"]
[Site "Chartres FRA"]
[Date "2017.05.23"]
[Round "6.3"]
[Board "1"]
[White "Ragger, Markus"]
[Black "David, Alberto"]
[Result "1/2-1/2"]
[WhiteTitle "GM"]
[BlackTitle "GM"]
[WhiteElo "2680"]
[BlackElo "2548"]
[WhiteTeam "BISCHWILLER"]
[BlackTeam "Les Tours de Haute Picardie, SAINT QUENTIN"]
[WhiteFideId "1610856"]
[BlackFideId "4000013"]
[EventDate "2017.05.18"]

1. d4 Nf6 2. c4 e6 3. Nc3 Bb4 4. e3 O-O 5. Bd3 c5 6. Nf3 d5 7. cxd5 cxd4 8. exd4
Nxd5 9. O-O Nc6 10. Bc2 Be7 11. a3 Bd7 12. Qd3 g6 13. Bh6 Re8 14. Ne4 Rc8 15.
Rac1 Nf6 16. Rfd1 Qb6 17. b4 a5 18. b5 Nxe4 19. Qxe4 Qxb5 20. d5 exd5 21. Rxd5
Bxa3 22. Rxb5 Rxe4 23. Rd1 Rb4 24. Rxb4 Nxb4 25. Rxd7 Nxc2 26. Rxb7 Bf8 27. Bxf8
Rxf8 28. Ra7 Rd8 29. h4 Rd5 30. Ng5 Rf5 31. Ne4 h6 32. Nd6 Rf6 33. Nb5 Rf5 34.
Nd6 Rf6 35. Ne4 Rf5 1/2-1/2

[Event "TCh-FRA Top 12 2017"]
[Site "Chartres FRA"]
[Date "2017.05.23"]
[Round "6.3"]
[Board "2"]
[White "Degraeve, Jean-Marc"]
[Black "Bacrot, Etienne"]
[Result "1/2-1/2"]
[WhiteTitle "GM"]
[BlackTitle "GM"]
[WhiteElo "2592"]
[BlackElo "2696"]
[WhiteTeam "Les Tours de Haute Picardie, SAINT QUENTIN"]
[BlackTeam "BISCHWILLER"]
[WhiteFideId "600270"]
[BlackFideId "605506"]
[EventDate "2017.05.18"]

1. e4 e5 2. Nf3 Nc6 3. Bc4 Bc5 4. O-O Nf6 5. d3 O-O 6. Nbd2 d6 7. c3 a6 8. Bb3
h6 9. Re1 Be6 10. Nf1 Bxb3 11. Qxb3 Qd7 12. Be3 Bxe3 13. Nxe3 Rfe8 14. Rad1 b5
15. Nd5 Nxd5 16. Qxd5 Ne7 17. Qb3 Ng6 18. Nd2 Nf4 19. Nf1 d5 20. Ne3 d4 21. cxd4
exd4 22. Nd5 Nxg2 23. Kxg2 c6 24. Nb4 a5 25. Nc2 Qg4+ 26. Kf1 Rad8 27. Na3 Rd6
28. Rc1 Rf6 29. Qd1 Qh3+ 30. Ke2 Rxf2+ 31. Kxf2 Qxh2+ 1/2-1/2

[Event "TCh-FRA Top 12 2017"]
[Site "Chartres FRA"]
[Date "2017.05.23"]
[Round "6.4"]
[Board "2"]
[White "Brochet, Philippe"]
[Black "Colin, Vincent"]
[Result "1/2-1/2"]
[WhiteTitle "IM"]
[BlackTitle "IM"]
[WhiteElo "2409"]
[BlackElo "2381"]
[WhiteTeam "Echecs Club MONTPELLIER"]
[BlackTeam "Club d' Echecs Lexovien, LISIEUX"]
[WhiteFideId "602469"]
[BlackFideId "612324"]
[EventDate "2017.05.18"]

1. e4 c5 2. Nc3 Nc6 3. Bb5 Nd4 4. Nge2 a6 5. Bc4 e6 6. Nxd4 cxd4 7. Ne2 Nf6 8.
d3 Bc5 9. Nf4 Bb4+ 10. Bd2 Bxd2+ 11. Qxd2 d5 12. exd5 e5 13. Qe2 O-O 14. Nh5
Qa5+ 15. Kf1 Nxd5 16. Qe1 Nb4 17. f3 Qb6 18. Bb3 Qh6 19. Qxb4 Qxh5 20. Re1 a5
21. Qe7 a4 22. Rxe5 Qxe5 23. Qxe5 axb3 24. cxb3 Rxa2 25. Kf2 Rxb2+ 26. Kg3 Rxb3
27. Qxd4 Be6 28. Rd1 Rb5 29. h4 h5 30. Rd2 Rd5 31. Qb6 Rfd8 32. d4 R8d7 33. Kf2
R5d6 34. Qc5 Rd5 35. Qb6 R5d6 36. Qb4 Rd5 37. Qb6 1/2-1/2

[Event "TCh-FRA Top 12 2017"]
[Site "Chartres FRA"]
[Date "2017.05.23"]
[Round "6.4"]
[Board "3"]
[White "Stephan, Victor"]
[Black "Vidal, Llewellyn"]
[Result "1/2-1/2"]
[WhiteTitle "FM"]
[WhiteElo "2365"]
[BlackElo "2193"]
[WhiteTeam "Club d' Echecs Lexovien, LISIEUX"]
[BlackTeam "Echecs Club MONTPELLIER"]
[WhiteFideId "656666"]
[BlackFideId "20661347"]
[EventDate "2017.05.18"]

1. d4 d5 2. c4 c6 3. Nf3 Nf6 4. Nc3 dxc4 5. e4 b5 6. e5 Nd5 7. a4 e6 8. Be2 Bb7
9. O-O Be7 10. Ne4 a6 11. Bg5 O-O 12. Qd2 Bxg5 13. Nfxg5 h6 14. Nh3 Nd7 15. Ra3
c5 16. Rg3 Kh8 17. Nd6 Bc6 18. Bf3 f6 19. Bxd5 Bxd5 20. Nf4 fxe5 21. Ng6+ Kg8
22. Nxf8 Qxf8 23. dxe5 Nxe5 24. Qxh6 Ra7 25. Ne4 Rf7 26. Nc3 Rf6 27. Qe3 Nd3 28.
axb5 axb5 29. Nxb5 Qb8 30. Nc3 Bc6 31. Ne4 Rf5 32. Qh6 Qe5 33. Nd6 Rh5 34. Qg6
Nf4 35. Qf7+ Kh7 36. Nxc4 Ne2+ 37. Kh1 Nxg3+ 38. fxg3 Qe2 39. Ne3 Re5 40. Rf4
Re4 41. Rf3 Re5 42. Rf4 Re4 43. Rf3 Rxe3 44. Qg8+ Kxg8 1/2-1/2

[Event "TCh-FRA Top 12 2017"]
[Site "Chartres FRA"]
[Date "2017.05.23"]
[Round "6.4"]
[Board "4"]
[White "Moucheroud, Jeremy"]
[Black "Coursaget, Nicolas"]
[Result "1/2-1/2"]
[BlackTitle "FM"]
[WhiteElo "2197"]
[BlackElo "2311"]
[WhiteTeam "Echecs Club MONTPELLIER"]
[BlackTeam "Club d' Echecs Lexovien, LISIEUX"]
[WhiteFideId "652288"]
[BlackFideId "610127"]
[EventDate "2017.05.18"]

1. e4 Nf6 2. e5 Nd5 3. d4 d6 4. Nf3 Bg4 5. Be2 c6 6. O-O Bxf3 7. Bxf3 dxe5 8.
dxe5 e6 9. Nd2 Nd7 10. Re1 Qc7 11. Nc4 N7b6 12. Qe2 Be7 13. g3 O-O-O 14. a3 Nxc4
15. Qxc4 h5 16. b4 h4 17. Qb3 hxg3 1/2-1/2

[Event "TCh-FRA Top 12 2017"]
[Site "Chartres FRA"]
[Date "2017.05.23"]
[Round "6.4"]
[Board "7"]
[White "Rodon, Gurvan"]
[Black "Ouakhir, Pierre Mehdi"]
[Result "1/2-1/2"]
[BlackTitle "CM"]
[WhiteElo "2047"]
[BlackElo "2277"]
[WhiteTeam "Club d' Echecs Lexovien, LISIEUX"]
[BlackTeam "Echecs Club MONTPELLIER"]
[WhiteFideId "619256"]
[BlackFideId "9000437"]
[EventDate "2017.05.18"]

1. d4 d5 2. c4 e6 3. Nc3 c6 4. e3 Nf6 5. Nf3 Nbd7 6. Qc2 Bd6 7. Be2 O-O 8. O-O
Re8 9. Rd1 Qe7 10. h3 h6 11. a3 dxc4 12. Bxc4 e5 13. Nh4 Nf8 14. Nf5 Bxf5 15.
Qxf5 e4 16. h4 Qd7 17. Qxd7 N8xd7 18. b4 b5 19. Bf1 Nb6 20. d5 Be5 21. Bb2 Nfxd5
22. Nxd5 Bxb2 23. Nxb6 axb6 24. Ra2 Bf6 25. Rc1 Re6 26. Rac2 Rxa3 27. Rxc6 Rxc6
28. Rxc6 Bc3 29. Rxb6 Bxb4 1/2-1/2

[Event "TCh-FRA Top 12 2017"]
[Site "Chartres FRA"]
[Date "2017.05.23"]
[Round "6.4"]
[Board "8"]
[White "Dubois, Marie"]
[Black "Marchadour, Emilie"]
[Result "0-1"]
[WhiteElo "1965"]
[BlackElo "2097"]
[WhiteTeam "Echecs Club MONTPELLIER"]
[BlackTeam "Club d' Echecs Lexovien, LISIEUX"]
[WhiteFideId "20643039"]
[BlackFideId "628140"]
[EventDate "2017.05.18"]

1. d4 Nf6 2. c4 c5 3. d5 b5 4. cxb5 a6 5. b6 d6 6. Nc3 Nbd7 7. e4 g6 8. Nf3 Bg7
9. Be2 O-O 10. a4 a5 11. Bb5 Nxb6 12. Nd2 Bb7 13. Nc4 Ne8 14. O-O Nxc4 15. Bxc4
Nc7 16. Nb5 Qd7 17. Re1 Ba6 18. Qe2 Bxb5 19. axb5 Rfb8 20. Qd2 Nxb5 21. Rxa5
Rxa5 22. Qxa5 Nd4 23. Bd2 Qb7 24. Bg5 h6 25. Bc1 Qb4 26. Qxb4 Rxb4 27. Bd3 Nb3
28. Be3 Bxb2 29. Bxh6 c4 30. Bb1 c3 31. Ba2 c2 32. Bxb3 Rxb3 0-1

[Event "TCh-FRA Top 12 2017"]
[Site "Chartres FRA"]
[Date "2017.05.23"]
[Round "6.5"]
[Board "1"]
[White "Baklan, Vladimir"]
[Black "Donchenko, Alexander"]
[Result "1/2-1/2"]
[WhiteTitle "GM"]
[BlackTitle "GM"]
[WhiteElo "2594"]
[BlackElo "2563"]
[WhiteTeam "C.E. STRASBOURG"]
[BlackTeam "VANDOEUVRE Echecs"]
[WhiteFideId "14102196"]
[BlackFideId "24603295"]
[EventDate "2017.05.18"]

1. e4 c5 2. Nf3 d6 3. d4 cxd4 4. Nxd4 Nf6 5. Nc3 a6 6. h3 e6 7. g4 h6 8. Bg2 Be7
9. b3 Qc7 10. Bb2 Nbd7 11. Qd2 g5 12. O-O-O Ne5 13. Ndb5 axb5 14. Nxb5 Qc5 15.
Nxd6+ Kf8 16. b4 Qxd6 17. Qxd6 Bxd6 18. Rxd6 Nfd7 19. Rxd7 Nxd7 20. Bxh8 e5 21.
Rd1 Kg8 22. Rxd7 Bxd7 23. Bxe5 Rxa2 24. Bf1 1/2-1/2

[Event "TCh-FRA Top 12 2017"]
[Site "Chartres FRA"]
[Date "2017.05.23"]
[Round "6.5"]
[Board "3"]
[White "Sebag, Marie"]
[Black "Bailet, Pierre"]
[Result "1/2-1/2"]
[WhiteTitle "GM"]
[BlackTitle "IM"]
[WhiteElo "2488"]
[BlackElo "2519"]
[WhiteTeam "C.E. STRASBOURG"]
[BlackTeam "VANDOEUVRE Echecs"]
[WhiteFideId "617822"]
[BlackFideId "655830"]
[EventDate "2017.05.18"]

1. e4 e5 2. Nf3 Nc6 3. Bb5 a6 4. Ba4 Nf6 5. O-O Be7 6. Re1 b5 7. Bb3 O-O 8. a4
b4 9. d4 d6 10. dxe5 Nxe5 11. Nxe5 dxe5 12. Qe2 a5 13. Nd2 Bc5 14. h3 Bb7 15.
Bc4 Qe7 16. Bd3 h6 17. Nc4 Rfd8 18. Be3 Bd4 19. Bxd4 Rxd4 20. c3 bxc3 21. bxc3
Rdd8 22. Qe3 Rxd3 23. Qxd3 Ba6 24. Reb1 Qc5 25. Rb5 Bxb5 26. axb5 Qxb5 27. Rb1
Qc5 28. Ne3 Qd6 29. Qb5 g6 30. Rd1 Qe6 31. Qb7 Qc8 32. Qc6 Kg7 33. Nc4 Qa6 34.
Qc5 Nxe4 35. Qxe5+ Nf6 36. Ne3 Qc6 37. Ng4 a4 38. Nxf6 Qxf6 39. Qxc7 a3 40. Ra1
a2 41. Qc4 Qf5 42. Qb3 Qa5 43. c4 Qa4 44. Qb2+ Kh7 45. c5 Rd8 46. Qe2 Ra8 47.
Qb2 Qc4 48. c6 Qxc6 1/2-1/2

[Event "TCh-FRA Top 12 2017"]
[Site "Chartres FRA"]
[Date "2017.05.23"]
[Round "6.5"]
[Board "4"]
[White "Brunner, Nicolas"]
[Black "Sanikidze, Tornike"]
[Result "1/2-1/2"]
[WhiteTitle "IM"]
[BlackTitle "GM"]
[WhiteElo "2459"]
[BlackElo "2518"]
[WhiteTeam "VANDOEUVRE Echecs"]
[BlackTeam "C.E. STRASBOURG"]
[WhiteFideId "620246"]
[BlackFideId "13602608"]
[EventDate "2017.05.18"]

1. d4 f5 2. Bg5 d6 3. h4 Nd7 4. Nc3 Ngf6 5. e3 e6 6. Qf3 d5 7. Nge2 c6 8. O-O-O
Bd6 9. Qh3 b5 10. Nf4 b4 11. Nce2 Qe7 12. Kb1 a5 13. f3 Qf7 14. Nd3 c5 15. dxc5
Nxc5 16. Nxc5 Bxc5 17. Nd4 O-O 18. Bd3 a4 19. Rhf1 f4 20. g4 e5 21. Nf5 Bxf5 22.
Bxf5 fxe3 23. Bxe3 Bxe3 24. g5 Ra6 25. gxf6 Rxf6 26. Bd7 a3 27. Ba4 axb2 28.
Rxd5 Kh8 29. Rxe5 Bd4 30. Bb3 Qa7 31. Re6 Rf4 32. Re4 Qc7 33. Qe6 Rxe4 34. Qxe4
Bc3 35. f4 Qd8 36. f5 Re8 37. Be6 Qd2 38. Qd3 Rd8 39. Qxd2 Rxd2 1/2-1/2

[Event "TCh-FRA Top 12 2017"]
[Site "Chartres FRA"]
[Date "2017.05.23"]
[Round "6.5"]
[Board "6"]
[White "Iglesias, Joachim"]
[Black "Heinz, Timothee"]
[Result "1/2-1/2"]
[BlackTitle "FM"]
[WhiteElo "2258"]
[BlackElo "2353"]
[WhiteTeam "VANDOEUVRE Echecs"]
[BlackTeam "C.E. STRASBOURG"]
[WhiteFideId "637823"]
[BlackFideId "623369"]
[EventDate "2017.05.18"]

1. d4 Nf6 2. Nf3 e6 3. e3 b6 4. Bd3 Bb7 5. O-O Be7 6. c4 O-O 7. Nc3 d5 8. cxd5
Nxd5 9. e4 Nxc3 10. bxc3 c5 11. Bb2 Qc8 12. Qe2 Rd8 13. d5 exd5 14. exd5 Bf6 15.
c4 Nd7 16. Qe4 g6 17. Bxf6 Nxf6 18. Qe7 Ne8 19. Ne5 Qc7 20. Qxc7 Nxc7 21. a4 Na6
22. Rfd1 Nb4 23. Rd2 f6 24. Ng4 Kg7 25. Bf1 Re8 26. Ne3 a5 27. g3 Kf7 28. Bh3 f5
29. Bg2 Rad8 30. d6 Bxg2 31. Kxg2 Ke6 32. g4 Rxd6 33. gxf5+ Ke7 34. Rxd6 Kxd6
35. Rd1+ Kc7 36. fxg6 hxg6 37. Kf3 Nc6 38. Nd5+ Kb7 39. Rc1 Rf8+ 40. Kg3 Ne5 41.
f4 Nd3 42. Rb1 Nb4 43. Rd1 Re8 44. Kf3 Nc2 45. Rb1 Re6 46. h4 Rd6 47. Ke4 Re6+
48. Kf3 Rd6 49. Ke4 Re6+ 1/2-1/2